| 000 | 02072cam a22002054a 4500 | ||
|---|---|---|---|
| 005 | 20250605164144.0 | ||
| 008 | 250528s ||||||||||||||||||||||||d | ||
| 035 | _a19076 | ||
| 020 | _a9608517311 | ||
| 040 |
_aGR-AtMCL _bgre _dGR-AtMCL _eAACR2 |
||
| 245 | 1 | _aΜαθηματα Επαγγελματικης Νομοθεσιας / Νοσηλευτικη: Β' Έκδοση (Συμπληρωμένη) | |
| 250 | _a2η | ||
| 260 |
_bΑθήνα, _c1992 |
||
| 300 | _a136 | ||
| 520 | _aΠρόλογος, Εισαγωγή, Ο Νοσηλευτής-Νοσοκόμος (Βοηθός) Πολίτης στο Κοινό Δίκαιο, Πηγές Δεοντολογίας του Νοσηλευτικού Επαγγέλματος, Ποινικός Κώδικας (Π.Κ.), Αμέλεια, Πραγματική Πλάνη, Εγκλήματα κατά της Ζωής, Σωματικές Βλάβες, Παραβίαση Απορρήτων, Εγκλήματα Σχετικά με την Υπηρεσία, Απαγόρευση Άσκησης Επαγγέλματος, Αστικός Κώδικας (Α.Κ.), Νομολογία, Πολιτική ή Αστική Δικονομία, Νομοθεσία Ασκήσεως του Ιατρικού Επαγγέλματος, Παράδοση, Επάγγελμα ''Νοσηλευτής'' - ''Νοσοκόμος'' Επαγγελματική Νομοθεσία (Ειδική), Νομοθεσία Επαγγελματική, Η Νοσηλευτική Φροντίδα και τα Όρια της, Κώδικας Άσκησης του Ιατρικού Επαγγέλματος, Επαγγελματικά Δικαιώματα Πτυχιούχων Νοσηλευτών Τ.Ε.Ι. (Νοσηλευτικές Πράξεις), Συνεργαζόμενοι Κλάδοι, Επισκέπτες-τριες Υγείας, Νοσηλευτής Υπάλληλος - Νομοθεσία των Υπηρεσιών, Επίλογος, Βιβλιογραφία. | ||
| 700 | 1 |
_aΡουσσου Χαρη Ν _95336 |
|
| 942 | _cBK | ||
| 999 |
_c4359 _d4359 |
||